| 000 | 00667nam a2200229Ia 4500 | ||
|---|---|---|---|
| 005 | 20260429112013.0 | ||
| 008 | 260429s9999||||xx |||||||||||||| ||und|| | ||
| 020 | _a9781642675450 | ||
| 041 | _aEnglish | ||
| 082 |
_a378.1 _bWOO |
||
| 100 | _aWoodman, Taylor C. | ||
| 245 | 0 |
_aDigital internationalization in higher education : _bbeyond virtual exchange / _cTaylor C. Woodman |
|
| 250 | _a1st ed. | ||
| 260 |
_aNew Delhi : _bRoutledge, _c2024. |
||
| 300 | _axx, 169 p.; pbk | ||
| 650 | _a Digital learning | ||
| 650 | _a Virtual exchange | ||
| 650 | _aInternational education | ||
| 700 | _a Glass, Chris R. | ||
| 700 | _a Whatley, Melissa | ||
| 942 | _cTB | ||
| 999 |
_c51838 _d51838 |
||